000
00328 a2200157 4500
001
57151
020
_a
8573192720
040
_c
Anchieta - Pituba
100
_a
Belinky, Tatiana
240
1
0
_a
AcontecĂȘncias
_l
por
245
1
0
_a
AcontecĂȘncias
300
_a
83
362
0
_a
2002
650
4
_a
Literatura juvenil
942
_c
BK
999
_c
57151
_d
57151